| Tag |
First Indicator |
Second Indicator |
Subfields |
| LEADER |
00000cam a2200000 a 4500 |
| 001 |
in00000437721 |
| 005 |
20151012073324.0 |
| 008 |
820505s1982 dcua b i00010 eng |
| 010 |
|
|
|a 82008659
|
| 020 |
|
|
|a 0821300075 (pbk.)
|
| 035 |
|
|
|a (OCoLC)08476160
|
| 035 |
|
|
|9 ABX0466AM
|
| 039 |
0 |
|
|a 2
|b 3
|c 3
|d 3
|e 3
|
| 040 |
|
|
|a DLC
|c DLC
|d m/c
|d TXA
|d UtOrBLW
|
| 043 |
|
|
|a d------
|
| 049 |
|
|
|a TXAM
|c [A09914423]
|
| 050 |
0 |
0 |
|a HG195
|b .A5 1982
|
| 082 |
0 |
|
|a 338.6/42/091724
|2 19
|
| 090 |
|
|
|a HG195
|b .A5 1985
|
| 100 |
1 |
|
|a Anderson, Dennis,
|d 1937-2008.
|
| 245 |
1 |
0 |
|a Financing small-scale industry and agriculture in developing countries :
|b the merits and limitations of "commercial" policies /
|c Dennis Anderson, Farida Khambata.
|
| 264 |
|
1 |
|a Washington, D.C. :
|b World Bank,
|c 1982
|
| 264 |
|
3 |
|c 1985 printing
|
| 300 |
|
|
|a 37 pages :
|b illustrations ;
|c 28 cm.
|
| 336 |
|
|
|a text
|b txt
|2 rdacontent
|
| 337 |
|
|
|a unmediated
|b n
|2 rdamedia
|
| 338 |
|
|
|a volume
|b nc
|2 rdacarrier
|
| 490 |
1 |
|
|a World Bank staff working papers,
|x 0253-211 ;
|v no. 519
|
| 504 |
|
|
|a Bibliography: pages 34-37.
|
| 650 |
|
0 |
|a Finance
|z Developing countries.
|
| 650 |
|
0 |
|a Small business
|z Developing countries
|x Finance.
|
| 650 |
|
0 |
|a Agriculture
|z Developing countries
|x Finance.
|
| 650 |
|
0 |
|a Loans, Foreign
|z Developing countries.
|
| 650 |
|
0 |
|a Interest
|z Developing countries.
|
| 700 |
1 |
|
|a Khambata, Farida.
|
| 830 |
|
0 |
|a World Bank staff working paper ;
|v no. 519.
|
| 999 |
|
|
|a MARS
|
| 999 |
f |
f |
|s 954708d5-3318-3b8d-bc73-8ebb7694bd21
|i 9b45f318-94a1-3dad-98a9-e008473ed968
|t 0
|
| 952 |
f |
f |
|p ric
|a Texas A&M University
|b Rellis Campus
|c Joint Library Facility
|d Remote Storage
|t 0
|e HG195 .A5 1985
|h Library of Congress classification
|i unmediated -- volume
|m A14809914423
|
| 998 |
f |
f |
|a HG195 .A5 1985
|t 0
|l Remote Storage
|